000 00733nam a22002537a 4500
001 60442
003 UA-OsUOA
005 20200806184947.0
007 ta
008 20090520b un ||||| |||| 00| 0 ukr d
020 _a966232225
040 _aUA-OsUOA
_bukr
_cUA-OsUOA
_dUA-OsUOA
041 _aukr
080 _a343.82
090 _a343.82
_bП87
100 _aПташинський О. Б.
245 _aПенітенціарна система України
_bмонографія
260 _aК.
_c2004
300 _a204 с.
650 7 _a343 Кримінальне право. Карні порушення
_2UDC
942 _cBK
_2udc
955 _a1
999 _c346344
_d346344